01773njm a2200289Ia 4500001000600000003000900006005001700015008004100032040001300073040001300086041001300099100002300112100001800135100003800153245006800191250001100259260000900270260006900279300002200348300002200370500010900392505072300501511007001224650006201294700005601356700007101412G7119IT-RoPAU20220918181213.0131025s9999 xx 000 0 und d aIT-RoPAU cIT-RoPAU aITALIANO aButtazzo Francesco eAutore musica gCodice autore musica SPICS: 35727 aAlleluia è risorto: canti pasquali per la messa con i giovani a1a ed. aROMA bAUDIOVISIVI PAOLINEc2001 [1a Ed.:2001 - Ed. Lingua Orig.: 2001] aSPARTITO MUSICALE c (Testo: 36 pag.) aSpartiti musicali di 12 canti religiosi con parole e testi musicali. Vedere cassetta (Cod. 9951 G7120). aAlleluia, è risorto il Signor (testo e musica di F. Baggio) - Alleluia, Cristo è risorto (testo e musica di P. Auricchio) - Io ti esalterò (testo e musica di F. Baggio) - Non cercate tra i morti (testo e musica di F. Buttazzo) - Arderanno sempre i nostri cuori (testo e musica di P. Auricchio) - Cristo è vivo (testo e musica di M. Zambuto) - Esultiamo in te, Gesù (testo e musica di F. Buttazzo) - Sfolgora il sole di Pasqua (testo e musica di F. Buttazzo) - Quello che abbiamo udito (testo di A.M. Galliano e musica di F. Buttazzo) - E' risorto (testo e musica di M. Zambuto) - Testimoni dell'amore (testo di A.M. Galliano e musica di F. Buttazzo) - Ti lodino p popoli, Dio (testo e musica di F. Buttazzo). aMatteo Zambuto, Fabio Baggio, Francesco Buttazzo, Paolo AuricchiO aLITURGICO [SPARTITI MUSICALI]eCodice MATERIA SPICS: 9953 aAuricchio PaoloeAutoregCodice autore SPICS: 35407 aGalliano AnnamariaeAutore testogCodice autore testo SPICS: 5671